| 000 | 01224nam a22003497a 4500 | ||
|---|---|---|---|
| 003 | CHAP | ||
| 005 | 20220329134720.0 | ||
| 008 | 971013s1978 r 00010 d | ||
| 010 | _a24707 | ||
| 011 | _a25679 | ||
| 035 | _a29779 | ||
| 040 | _cCHAP | ||
| 082 |
_a664.1 _bI57 |
||
| 110 |
_aInstituto de Capacitación de la Industria Azucarera. México _959103 |
||
| 245 | _aEvaporación | ||
| 260 |
_aMéxico, D.F. : _bInstituto de Capacitación de la Industria Azucarera, _c1978 |
||
| 300 |
_a47 p. _b: ilus |
||
| 490 | _aCursos informativos para áreas de producción | ||
| 590 |
_aBATCH-UPD _b10 _c20130110 _lUCH01 _h0045 |
||
| 590 |
_aBATCH-UPD _b10 _c20130110 _lUCH01 _h2317 |
||
| 590 |
_aBATCH-UPD _b10 _c20130409 _lUCH01 _h2031 |
||
| 590 |
_aBATCH-UPD _b10 _c20130410 _lUCH01 _h1607 |
||
| 590 |
_aBATCH-UPD _b10 _c20130914 _lUCH01 _h0509 |
||
| 590 |
_aBATCH-UPD _b10 _c20130914 _lUCH01 _h2104 |
||
| 590 |
_aCONVERSION _b10 _c20130109 _lUCH01 _h1314 |
||
| 650 | 1 | 4 |
_aAzúcar _xFabricación y refinación. _99152 |
| 650 | 1 | 4 |
_aEvaporación. _938964 |
| 830 | 0 |
_aCursos informativos para áreas de producción _930711 |
|
| 901 | _aBK | ||
| 942 | _cLIBRO | ||
| 949 |
_a664.1 I57 _bBC _cLIBRO _d33724000115853 _eLIBRO _h60257 _i29779 _si |
||
| 999 |
_c24707 _d24707 |
||